Statistics for 2014 FIFA World Cup Knockout Stage

Click here to take the quiz!

General Stats

  • This quiz has been taken 127 times
  • The average score is 27 of 32

Answer Stats

Answer % Correct
ArgentinaFinal
96%
Brazil1/2
96%
GermanyFinal
96%
Argentina1/2
96%
Germany1/2
95%
Brazil1/8
95%
Brazil1/4
92%
Germany1/4
92%
Brazil3rd
91%
Netherlands1/2
91%
Argentina1/4
91%
Germany1/8
90%
Argentina1/8
89%
Netherlands3rd
89%
Netherlands1/4
87%
Netherlands1/8
86%
France1/4
84%
Colombia1/8
83%
France1/8
83%
Colombia1/4
83%
Costa Rica1/4
78%
Costa Rica1/8
77%
Belgium1/4
76%
Belgium1/8
76%
USA1/8
75%
Mexico1/8
74%
Uruguay1/8
73%
Chile1/8
73%
Algeria1/8
69%
Switzerland1/8
63%
Greece1/8
58%
Nigeria1/8
56%

Score Distribution

Percentile by Number Answered

Percent of People with Each Score

Your Score History

You have not taken this quiz